| 000 | 00350nam a22001337a 4500 | ||
|---|---|---|---|
| 020 | _qPB. | ||
| 040 | _cFIZZA ISHAQ | ||
| 082 |
_a624.1821 _bPET |
||
| 100 |
_aPETER,MARANIAN. _990718 |
||
| 245 |
_aREDUCING BRITTLE AND FATIGUE FAILURES IN STEAL STRUCTURES / _cPETER MARANIAN. |
||
| 260 |
_aNEW YORK ; _c2010. |
||
| 300 | _a196 P. ; | ||
| 942 |
_2ddc _cBK |
||
| 999 |
_c588930 _d588930 |
||